Konfucianizmus ako determinujúci faktor v dejinách čínsko-japonských vzťahov diplomová práca

Enregistré dans:
Détails bibliographiques
Auteur principal: Vančová, Kristína
Collectivité auteur: Fakulta medzinárodných vzťahov EU. Katedra medzinárodných politických vzťahov
Autres auteurs: Zágoršeková, Marta
Format: Livre
Langue:slovaque
Publié: Bratislava 2018
Tags: Ajouter un tag
Pas de tags, Soyez le premier à ajouter un tag!

MARC

LEADER 00000nbm a2200000 4500
001 0244487
005 20180807081359.2
041 0 |a slo 
044 |a SK 
245 1 0 |a Konfucianizmus ako determinujúci faktor v dejinách čínsko-japonských vzťahov  |b diplomová práca  |c Kristína Vančová ; školiteľ: Marta Zágoršeková 
264 1 |a Bratislava  |c 2018 
300 |a 70 s. 
100 1 |a Vančová, Kristína 
700 1 |a Zágoršeková, Marta 
710 2 |a Fakulta medzinárodných vzťahov EU. Katedra medzinárodných politických vzťahov